Fundamental statistics for the behavioral sciences / (Record no. 600980)
[ view plain ]
| 000 -LEADER | |
|---|---|
| fixed length control field | 00351nam a2200121Ia 4500 |
| 008 - FIXED-LENGTH DATA ELEMENTS--GENERAL INFORMATION | |
| fixed length control field | 230907s9999||||xx |||||||||||||| ||und|| |
| 082 ## - DEWEY DECIMAL CLASSIFICATION NUMBER | |
| Classification number | 519.5 |
| Author Mark | HOW |
| 100 ## - MAIN ENTRY--PERSONAL NAME | |
| Personal name | Howell, David C., |
| 9 (RLIN) | 116081 |
| 245 #0 - TITLE STATEMENT | |
| Title | Fundamental statistics for the behavioral sciences / |
| 300 ## - PHYSICAL DESCRIPTION | |
| Extent | xx, 647 pages : |
| 650 ## - SUBJECT ADDED ENTRY--TOPICAL TERM | |
| Topical term or geographic name entry element | Case studies. Case studies. |
| 9 (RLIN) | 115668 |
| 942 ## - ADDED ENTRY ELEMENTS (KOHA) | |
| Koha item type | Book |
| Withdrawn status | Lost status | Damaged status | Not for loan | Permanent Location | Current Location | Date acquired | Total Checkouts | Full call number | Barcode | Date last seen | Price effective from | Koha item type |
|---|---|---|---|---|---|---|---|---|---|---|---|---|
| US-Pakistan Center for Advanced Studies in Energy (USPCAS-E) | US-Pakistan Center for Advanced Studies in Energy (USPCAS-E) | 11/15/2019 | 519.5 HOW | CAS-E0005079 | 09/12/2023 | 09/12/2023 | Book |
